Subdivision centers closest to Strumica (MK) - Statistics

General Stats
  • This quiz has been taken 14 times
  • The average score is 10 of 20
Answer Stats
Distance (km) Answer % Correct
7 118 Skopje
100%
8 118 Bitola
67%
6 109 Kumanovo
67%
15 158 Ohrid
67%
1 41 Štip
67%
14 152 Tetovo
67%
4 93 Thessaloníki
67%
3 78 Veles
67%
2 75 Blagoevgrad
50%
11 145 Kozáni
50%
9 133 Pernik
50%
13 151 Sofija
50%
16 161 Ferizaj/Uroševac
33%
12 149 Gjilan/Gnjilane
33%
5 94 Kjustendil
33%
17 164 Pazardžik
33%
19 179 Prizren
33%
10 138 Vranje
33%
18 172 Smoljan
17%
20 181 Korçë
0%
No matching quizzes found
Score Distribution
Percent of People with Each Score
Percentile by Number Answered
Your Score History
You have not taken this quiz